International migration and development in the Arab region /

Bibliographic Details
Main Author: Birks, J. S.
Other Authors: Sinclair, C. A.
Format: Book
Language:English
Published: Geneva, Switzerland : International Labour Office, 1980.
Series:WEP study.
Subjects:

MARC

Tag First Indicator Second Indicator Subfields
LEADER 00000cam a2200000 a 4500
001 in00000072069
005 20151008062532.0
008 801112s1980 sz a bs i00010 engm
010 |a  80506950  
015 |a Sw*** 
020 |a 922102251X (pbk.) :  |c 25.00F 
020 |a 9221022528 
035 |a (OCoLC)06078288 
035 |9 AAK0428AM 
040 |a DLC  |c DLC  |d m.c.  |d TXA  |d UtOrBLW 
043 |a ma----- 
049 |a TXAM  |c [1671528] 
050 0 0 |a JV8490  |b .B57 
082 0 |a 331.12/791/09174927  |2 19 
100 1 |a Birks, J. S. 
245 1 0 |a International migration and development in the Arab region /  |c J.S. Birks and C.A. Sinclair. 
264 1 |a Geneva, Switzerland :  |b International Labour Office,  |c 1980. 
300 |a xii, 175 pages :  |b illustrations ;  |c 24 cm. 
336 |a text  |b txt  |2 rdacontent 
337 |a unmediated  |b n  |2 rdamedia 
338 |a volume  |b nc  |2 rdacarrier 
500 |a "A WEP study." 
500 |a "Published with the financial support of the United Nations fund for Population Activities." 
504 |a Bibliography: pages 169-175. 
650 0 |a Labor mobility  |z Arab countries. 
651 0 |a Arab countries  |x Emigration and immigration. 
700 1 |a Sinclair, C. A. 
830 0 |a WEP study. 
999 |a MARS 
999 f f |s 5ebf29be-8761-383d-b952-19297207d98a  |i 4dceecf1-d10c-3f1f-a47d-33c1f80afa91  |t 0 
952 f f |p ric  |a Texas A&M University  |b Rellis Campus  |c Joint Library Facility  |d Remote Storage  |t 0  |e JV8490 .B57  |h Library of Congress classification  |i unmediated -- volume  |m A14806152721 
998 f f |a JV8490 .B57  |t 0  |l Remote Storage